Исследование и технология построения графиков функций в среде Mathcad (Запись № 13665711)

Подробности
000 -МАРКЕР
контрольное поле 02431nam0a2200349 4500
001 - ИДЕНТИФИКАТОР ЗАПИСИ
контрольное поле RU\NLR\BIBL_A\022334783
005 - ИДЕНТИФИКАТОР ВЕРСИИ
контрольное поле 20260607043831.0
021 ## - НОМЕР ГОСУДАРСТВЕННОЙ РЕГИСТРАЦИИ
Код страны Российская Федерация
Номер КН-П-24-042988
Номер Листа государственной регистраци КН-П-24-4281
035 ## - ДРУГИЕ СИСТЕМНЫЕ НОМЕРА
Идентификатор записи (NLR Aleph) 022334783
100 ## - ДАННЫЕ ОБЩЕЙ ОБРАБОТКИ
Данные общей обработки 20240926d2024 u y0rusy50 ca
101 0# - ЯЗЫК РЕСУРСА
Язык текста, звукозаписи и т.д. русский
102 ## - СТРАНА ПУБЛИКАЦИИ ИЛИ ПРОИЗВОДСТВА
Страна публикации Российская Федерация
105 ## - ПОЛЕ КОДИРОВАННЫХ ДАННЫХ: ТЕКСТОВЫЕ МАТЕРИАЛЫ, МОНОГРАФИЧЕСКИЕ
Кодированные данные о монографическом текстовом документе a j 000yy
181 #0 - ПОЛЕ КОДИРОВАННЫХ ДАННЫХ: ВИД СОДЕРЖАНИЯ
Код вида содержания (ISBD) i
Код характеристики содержания (ISBD) axxe
182 #0 - ПОЛЕ КОДИРОВАННЫХ ДАННЫХ: ТИП СРЕДСТВА
Код типа средства (ISBD) n - непосредственное
200 1# - ЗАГЛАВИЕ И СВЕДЕНИЯ ОБ ОТВЕТСТВЕННОСТИ
Основное заглавие Исследование и технология построения графиков функций в среде Mathcad
Сведения, относящиеся к заглавию учебное пособие
-- для студентов математических, экономических, инженерно-технических вузов
Первые сведения об ответственности С. И. Панькина, Г. В. Токмазов, М. Н. Лютикова
Последующие сведения об ответственности Федеральное государственное образовательное учреждение высшего образования "Государственный морской университет имени адмирала Ф. Ф. Ушакова"
203 ## - ВИД СОДЕРЖАНИЯ И ТИП СРЕДСТВА
Вид содержания Текст
Дополнительные сведения об издании визуальный
Тип средства непосредственный
210 ## - ПУБЛИКАЦИЯ, РАСПРОСТРАНЕНИЕ И ДР.
Место издания, распространения и т.д. Новороссийск
Имя издателя, распространителя и т. д. РИО ГМУ им. адм. Ф. Ф. Ушакова
Дата издания, распространения и т.д. 2024
215 ## - ФИЗИЧЕСКАЯ ХАРАКТЕРИСТИКА
Специфическое обозначение материала и объем 76 с.
Другие сведения о физической характеристике ил., табл.
Размеры 21
320 ## - ПРИМЕЧАНИЯ О НАЛИЧИИ В ДОКУМЕНТЕ БИБЛИОГРАФИИ / УКАЗАТЕЛЯ
Текст примечания Библиогр.: с. 73-75 (24 назв.)
606 1# - НАИМЕНОВАНИЕ ТЕМЫ КАК ПРЕДМЕТ
Наименование темы Функции
Формальный подзаголовок Учебные издания для высших учебных заведений
Тематический подзаголовок Графические изображения
-- Построение на компьютерах
Системный номер авторитетной/нормативной записи 2684350
Идентификатор авторитетной/нормативной записи RU\NLR\AUTH\6601762048
606 1# - НАИМЕНОВАНИЕ ТЕМЫ КАК ПРЕДМЕТ
Наименование темы Функции
Формальный подзаголовок Учебные издания для высших учебных заведений
Тематический подзаголовок Исследование
-- Применение компьютеров
Системный номер авторитетной/нормативной записи 2684351
Идентификатор авторитетной/нормативной записи RU\NLR\AUTH\6601762049
606 1# - НАИМЕНОВАНИЕ ТЕМЫ КАК ПРЕДМЕТ
Наименование темы MATHCAD, пакет прикладных программ
Формальный подзаголовок Учебные издания для высших учебных заведений
Системный номер авторитетной/нормативной записи 2077446
Идентификатор авторитетной/нормативной записи RU\NLR\AUTH\661253075
686 ## - ИНДЕКСЫ ДРУГИХ КЛАССИФИКАЦИЙ
Индекс В192.14с116я73-1
700 #1 - ИМЯ ЛИЦА - ПЕРВИЧНАЯ ОТВЕТСТВЕННОСТЬ
Начальный элемент ввода Панькина
Часть имени, кроме начального элемента ввода С. И.
Расширение инициалов личного имени Светлана Ивановна
701 #1 - ИМЯ ЛИЦА - АЛЬТЕРНАТИВНАЯ ОТВЕТСТВЕННОСТЬ
Материалы, к которым относится поле rus
Графика поля Кириллица
Начальный элемент ввода Токмазов
Часть имени, кроме начального элемента ввода Г. В.
Расширение инициалов личного имени Георгий Васильевич
Идентификатор авторитетной/нормативной записи RU\NLR\AUTH\7722834
Системный номер авторитетной/нормативной записи 5889
701 #1 - ИМЯ ЛИЦА - АЛЬТЕРНАТИВНАЯ ОТВЕТСТВЕННОСТЬ
Начальный элемент ввода Лютикова
Часть имени, кроме начального элемента ввода М. Н.
Расширение инициалов личного имени Марина Николаевна
942 ## - ДОПОЛНИТЕЛЬНЫЕ ЭЛЕМЕНТЫ ЗАПИСИ (АБИС)
Тип экземпляра АБИС Книга
980 ## - КОЛЛЕКЦИЯ
Название коллекции Национальная библиография

Нет доступных экземпляров.